Great careers for people who want to be entrepreneurs/ (Record no. 15108)

000 -LEADER
fixed length control field 00674nam a22001937a 4500
008 - FIXED-LENGTH DATA ELEMENTS--GENERAL INFORMATION
fixed length control field 161026b xxu||||| |||| 00| 0 eng d
020 ## - INTERNATIONAL STANDARD BOOK NUMBER
International Standard Book Number 0810399679
020 ## - INTERNATIONAL STANDARD BOOK NUMBER
International Standard Book Number 9780810399679
050 ## - LIBRARY OF CONGRESS CALL NUMBER
Classification number HF 5381.2 .L36 1994
100 ## - MAIN ENTRY--PERSONAL NAME
Personal name Lang, Jim
245 ## - TITLE STATEMENT
Title Great careers for people who want to be entrepreneurs/
Statement of responsibility, etc. Jim Lang
260 ## - PUBLICATION, DISTRIBUTION, ETC. (IMPRINT)
Place of publication, distribution, etc. Detroit, MI :
Name of publisher, distributor, etc. UXL,
Date of publication, distribution, etc. ©1994.
300 ## - PHYSICAL DESCRIPTION
Extent 48p. :
Other physical details ill. ;
Dimensions 25cm.
500 ## - GENERAL NOTE
General note Include index.
650 ## - SUBJECT ADDED ENTRY--TOPICAL TERM
Topical term or geographic name as entry element Vocational guidance
General subdivision juvenile literature.
650 ## - SUBJECT ADDED ENTRY--TOPICAL TERM
Topical term or geographic name as entry element Entrepreneurship
General subdivision vocational guidance
Chronological subdivision juvenile literature.
650 ## - SUBJECT ADDED ENTRY--TOPICAL TERM
Topical term or geographic name as entry element Vocational guidance.
942 ## - ADDED ENTRY ELEMENTS (KOHA)
Source of classification or shelving scheme
Koha item type Hard Covered Materials
Classification part HF 5381.2 .L36 1994
Holdings
Withdrawn status Lost status Source of classification or shelving scheme Damaged status Not for loan Home library Current library Shelving location Date acquired Source of acquisition Total Checkouts Full call number Barcode Date last seen Price effective from Koha item type
          MACHAKOS UNIVERSITY LIBRARY MACHAKOS UNIVERSITY LIBRARY Technical section 26/10/2016 Donation(BFA)   HF 5381.2 .L36 1994 26418 11/07/2018 26/10/2016 Hard Covered Materials
© Machakos University Library, Along The Highway, Machakos Wote Rd, Machakos, Kenya P.O. Box 136 - 90100 Machakos - Kenya

Tel: ( +254 ) 723 805829 OR Fax : 044-20353 OR Email: library@mksu.ac.ke